000 00505nam a2200181Ia 4500
005 20250508153310.0
008 008 250505s9999 xx 000 0 eng d
037 _aBooks to be hide in OPAC
040 _aFEDL
_beng
_cFEDL
041 _aeng
_2eng
084 _a379.44, CAU
_qFEDL
100 _aCaullery Maurice
_9763640
245 0 _aLes universites et la vie scientifique aux etats-unis
260 _c1917
300 _a302p.
942 _cHB
_h379.44, CAU
999 _c1341827
_d1341827